Joueurs français en Premier League 2018/2019 - Statistiques

Statistiques générales
  • Ce quiz a été pris 342 fois
  • Le résultat moyen est 14 sur 33
Statistiques - réponses
Club Joueur Poste % Correct
Tottenham Hugo Lloris G **
92%
Chelsea N'Golo Kanté M **
91%
Manchester Utd Paul Pogba M**
85%
Chelsea Olivier Giroud A **
84%
Manchester City Benjamin Mendy D**
83%
Leicester Nampalys Mendy M
83%
Manchester Utd Anthony Martial A
78%
Manchester City Aymeric Laporte D
74%
Arsenal Alexandre Lacazette A
73%
Tottenham Moussa Sissoko M
69%
Arsenal Laurent Koscielny D
63%
Everton Lucas Digne D
61%
Everton Morgan Schneiderlin M
44%
Everton Kurt Zouma D
41%
Arsenal Matéo Guendouzi M
41%
Manchester City Eliaquim Mangala D
38%
Watford Abdoulaye Doucouré M
37%
Crystal Palace Mamadou Sakho D
37%
Wattord Etienne Capoue M
35%
West Ham Issa Diop D
23%
Wolverhampton Willy Boly D
23%
Brighton Anthony Knockaert A
22%
Tottenham Georges-Kévin Nkoudou A
19%
Fulham Maxime Le Marchand D
13%
Newcastle Florian Lejeune D
12%
Bournemouth Lys Mousset A
11%
Watford Younès Kaboul D
10%
Fulham Aboubakar Kamara A
7%
Huddersfield Adama Diakhaby A
6%
Southampton Yan Valéry D
6%
West Ham Arthur Masuaku M
4%
Wolverhampton Enzo Sauvage A
1%
Cardiff Loïc Damour M
1%
Aucun quiz correspondant
Distribution des résultats
% des personnes avec chaque résultat
Percentile par nombre de réponses
Votre historique - résultats
Vous n’avez pas pris ce quiz